000 01021nam a2200265 i 4500
001 91718
003 ES-MaACL
005 20250809232858.0
007 t|
008 050209s1984 sp |||| |dspa d
080 _a929 Martínez, Luis
080 _a914"15"
100 1 _aVilar, Juan Bautista,
_d1941-2018
_9114797
245 1 3 _aLa Europa de la Reforma, vista por un viajero español del siglo XVI
_b: descripción de Suiza y Alemania en 1530-1531, por Mosén Luis Martínez, canónigo de Orihuela /
_cJuan Bta. Vilar.
260 _aMadrid :
_b[s.n.],
_c1984.
300 _ap. [61]-90 ;
_c24 cm.
595 _aSeparata de: Boletín de la Real Academia de la Historia, t. CLXXXI, cuaderno I.
600 1 7 _aMartínez, Luis M.,
_d1881-1956
_2
_9159917
651 _aEuropa-
_xHistoria-
_yS.XVI.
_98612
651 4 _aSuiza-
_xDescripción.
_99416
651 4 _aAlemania-
_xDescripción.
_97657
700 1 _aMartínez, Luis M.,
_d1881-1956
_9159917
852 _aES-MaACL
_j2186-F-24
999 _c91718
_d91718